000 00254pam a2200121 a 4500
020 _c
041 _aeng
100 _aGrain Merut.
245 _aIt Is Die
_hTextual Documents
260 _aNew York
_bPenguin Books Ltd
300 _a301p.
930 _a15325
999 _c92225
_d92225